تحميل...
Microbiology: the human experience
At the core of Microbiology: The Human Experience are case histories that put foundational concepts in a real-world context. The bones are the consistent structure of learning objectives, summaries, and questions that support the clear, accurate, and organized presentation of the content. The conn...
| المؤلف الرئيسي: | |
|---|---|
| مؤلفون آخرون: | , |
| التنسيق: | Printed Book |
| منشور في: |
London
W W Nooton
2018
|
| الموضوعات: |
| LEADER | 01145nam a2200193 4500 | ||
|---|---|---|---|
| 020 | |a 9780393978582 | ||
| 082 | |a 579 |b FOS-M | ||
| 100 | |a Foster, John W. | ||
| 245 | |a Microbiology: the human experience | ||
| 260 | |a London |b W W Nooton |c 2018 | ||
| 300 | |a 941p. | ||
| 520 | |a At the core of Microbiology: The Human Experience are case histories that put foundational concepts in a real-world context. The bones are the consistent structure of learning objectives, summaries, and questions that support the clear, accurate, and organized presentation of the content. The connective tissue is the art and highly readable text, by two masterful teachers and an experienced physician assistant, which puts infectious disease front and center and highlights contemporary topics such as the human microbiome. | ||
| 650 | |a Microbiology | ||
| 650 | |a Medical microbiology | ||
| 700 | |a Aliabadi, Zarrintaj. | ||
| 700 | |a Slonczewski, Joan L | ||
| 942 | |c REF | ||
| 999 | |c 50591 |d 50591 | ||
| 952 | |0 0 |1 0 |4 0 |6 579_000000000000000_FOSM |7 0 |9 63966 |a KU |b KU |c GEN |d 2018-04-06 |e Pl.D./C3/5978/RUSSA dtd.10/11/2017 |g 10257.05 |l 0 |o 579 FOS-M |p LS01456 |r 2018-04-06 |w 2018-04-06 |y REF | ||